Leading schools of thought in contemporary China /

Bibliographic Details
Main Author: Ma, Licheng (Author)
Format: Book
Language:English
Language Notes:Translated from the Chinese.
Published: Singapore : World Scientific Publishing Co. Pte. Ltd., [2016]
Subjects:

MARC

Tag First Indicator Second Indicator Subfields
LEADER 00000cam a2200000 i 4500
001 in00003607030
005 20170928110448.0
008 150828t20162016si b 001 0 eng
010 |a  2015018482 
020 |a 9789814656382 (alk. paper) 
020 |a 9814656380 (alk. paper) 
024 8 |a 99965004650 
035 |a (OCoLC)ocn925295365 
035 |a (OCoLC)925295365 
040 |a DLC  |b eng  |e rda  |c STF  |d OCLCO  |d OCLCF  |d YDXCP  |d UtOrBLW 
041 1 |a eng  |h chi 
042 |a pcc 
043 |a a-cc--- 
049 |a TXAM 
050 0 0 |a B5231  |b .M2513 2016 
082 0 0 |a 181/.11  |2 23 
100 1 |a Ma, Licheng,  |e author.  |0 http://id.loc.gov/authorities/names/n2015052815 
240 1 0 |a Dang dai Zhongguo ba zhong she hui si chao.  |l English 
245 1 0 |a Leading schools of thought in contemporary China /  |c Ma Licheng ; translation by Jing L. Liu. 
264 1 |a Singapore :  |b World Scientific Publishing Co. Pte. Ltd.,  |c [2016] 
264 4 |c ©2016 
300 |a xvii, 215 pages ;  |c 24 cm 
336 |a text  |b txt  |2 rdacontent 
337 |a unmediated  |b n  |2 rdamedia 
338 |a volume  |b nc  |2 rdacarrier 
504 |a Includes bibliographical references and index. 
505 0 |a Deng Xiaoping's southern tour: socialism with Chinese characteristics -- Defenders of late Mao Zedong thought: the old left school -- The new left school -- Democracy in China: the democratic socialist school -- Freedom as new cultural heritage: the liberal school of thought -- Bending branches and the rebounding of nationalism: the nationalist school of thought -- The surging tide of populism: the populist school of thought -- The political demands of mainland neo-Confucians: the neo-Confucian school. 
546 |a Translated from the Chinese. 
650 0 |a Philosophy, Chinese  |y 20th century.  |0 http://id.loc.gov/authorities/subjects/sh85100892 
650 0 |a Political science  |z China  |x Philosophy  |x History  |y 20th century. 
655 7 |a History.  |2 fast  |0 (OCoLC)fst01411628 
648 7 |a 1900-1999  |2 fast 
650 7 |a Philosophy, Chinese.  |2 fast  |0 (OCoLC)fst01060917 
650 7 |a Political science  |x Philosophy.  |2 fast  |0 (OCoLC)fst01069819 
651 7 |a China.  |2 fast  |0 (OCoLC)fst01206073 
938 |a YBP Library Services  |b YANK  |n 12280484 
947 |a A14843350225 
945 |a PromptCat  |b 444572 
946 |a stk 
994 |a 92  |b TXA 
948 |a Cataloged  |b h  |c 2016/1/8  |d c  |e AReeder 
999 f f |s 3310efc0-da35-3905-9d8d-3c5f57a67967  |i d845c4c5-0d3b-3278-94df-a02eea236a19  |t 0 
952 f f |p normal  |a Texas A&M University  |b College Station  |c Sterling C. Evans Library  |d Evans: Library Stacks  |t 0  |e B5231 .M2513 2016  |h Library of Congress classification  |i unmediated -- volume  |m A14843350225 
998 f f |a B5231 .M2513 2016  |t 0  |l Evans: Library Stacks